000 00644nam a2200253Ia 4500
001 24918
005 20240114000825.0
007 ta
008 060418s g b000 u 465 u
040 _aCotton College,Assam
041 _a465
082 _a823
_bSt 48 K
100 _aStevenson, Robert Louis .
245 0 _aKidnapped /
_cRobert Louis Stevenson.
_hTextual Documents
250 _a1st ed. /
260 _aLondon :
_bBlackie & Sons Ltd ,
_cnd.
300 _a239p. ;
_c17cm.
653 _aEnglish Novel
653 _aG-English
942 _2ddc
_cBK
999 _c24900
_d24900